01103nam a2200217 a 4500001001000000005001700010008004100027041000800068044000700076050002400083245010400107260004400211300002200255500008000277500005800357500003600415500000900451505035400460650005200814650001900866BRCA_632620190320205419.0100811s1943----mx-a######---#000-0#spa-# aspa amx 4aPQ7100b.H54 1 194310aEl hijo pródigobRevista literariacOctavio G. Barreda editor; Isaac Rojas Rosillo administrador. aMéxicobLetras de Méxicoc1943-1946 a9 v.bil.c23 cm. aLa biblioteca cuenta con 2 ejemplres del v. 2 (Año I, No. 3. Junio, 1943) aRevista inventariada por Banco de México como libro aVer también K189, K190 y K191 aK1880 aContenido: v.1. Año I, No. 1, Abril 1943.-- v.2. Año I, No. 3, Junio 1943 (2 ejemplares).-- v.3. Año I, No. 4, Julio 1943.-- v.4. Año I, No. 5, Agosto 1943.-- v.5. Año I, No. 6, Septiembre 1943.-- v.6. Año I, Vol. II, No. 7, Octubre 1943.-- v.7. Año I, Vol. II, No. 8, Noviembre 1943.-- v.8. Año I, Vol. II, No. 9, Diciembre 1943.14aLiteratura mexicanavPublicaciones periódicas14aArtezMéxico